[Event "Rhein Main op 07th"]
[Site "Bad Homburg"]
[Date "2004.06.10"]
[Round "2.54"]
[White "Weil, Frank"]
[Black "Sefeloge, Michael"]
[Result "0-1"]
[WhiteElo "1283"]
[BlackElo "1704"]
[PlyCount "100"]
[EventDate "2004.06.09"]
[EventType "swiss"]
[EventRounds "7"]
[EventCountry "GER"]
[SourceTitle "CBM 100 Extra"]
[Source "ChessBase"]
[SourceDate "2004.07.06"]
[SourceVersion "2"]
[SourceVersionDate "2004.07.06"]
[SourceQuality "1"]

1. e4 c5 2. Nf3 d6 3. Bc4 Nf6 4. Nc3 a6 5. h3 e6 6. d3 b5 7. Bb3 Bb7 8. Bg5 Be7 9. Bxf6 Bxf6 10. Qd2 Nc6 11. 0-0 Qa5 12. a3 Nd4 13. Nxd4 Bxd4 14. Rfd1 0-0 15. Rab1 Bxc3 16. Qxc3 Qxc3 17. bxc3 Rfd8 18. a4 d5 19. exd5 exd5 20. axb5 axb5 21. c4 bxc4 22. dxc4 d4 23. Rd2 Re8 24. Kf1 Bc6 25. Rd3 Ra3 26. Kg1 Kf8 27. Kf1 g5 28. Rdd1 f6 29. Ra1 Rxa1 30. Rxa1 Ra8 31. Rxa8+ Bxa8 32. f3 Ke7 33. Ke2 Ke6 34. Ba4 Ke5 35. g3 Bb7 36. Bb5 f5 37. Bd7 Ba6 38. Bb5 Bxb5 39. cxb5 c4 40. b6 Kd6 41. b7 Kc7 42. b8Q+ Kxb8 43. Kd2 Kc7 44. c3 d3 45. Ke3 Kd6 46. Kd2 Ke5 47. Ke3 f4+ 48. gxf4+ gxf4+ 49. Kd2 Kf5 50. h4 Kg6 0-1